|
|
|
|
| LEADER |
01013nam a2200325 4500 |
| 001 |
DLU090067165 |
| 005 |
##20090407 |
| 040 |
# |
# |
|a DLU
|b eng
|
| 041 |
# |
# |
|a eng
|
| 044 |
# |
# |
|a us
|
| 245 |
# |
# |
|a Variation in breeding system traits within and among populations of Microbotryum Violaceum on Silene Dioica /
|c Asa Granberg ... [et al.].
|
| 653 |
# |
# |
|a Intratetrad mating
|
| 653 |
# |
# |
|a Mating system
|
| 653 |
# |
# |
|a Microbotryum Violaceum
|
| 653 |
# |
# |
|a Selfing
|
| 653 |
# |
# |
|a Silene Dioica
|
| 700 |
# |
# |
|a Arnqvist, Per.
|
| 700 |
# |
# |
|a Carlsson-Graner, Ulla.
|
| 700 |
# |
# |
|a Gilles, Barbara E.
|
| 700 |
# |
# |
|a Granberg, Asa.
|
| 773 |
# |
# |
|t International Journal of Plant Sciences
|g Vol. 169, no. 2 (February 2008), p. 293-303
|
| 920 |
# |
# |
|a Phòng Tạp chí -- Trung tâm Thông tin - Thư viện Trường Đại học Đà Lạt
|
| 994 |
# |
# |
|a DLU
|
| 900 |
# |
# |
|a True
|
| 911 |
# |
# |
|a Trương Bảo Trâm Anh
|
| 925 |
# |
# |
|a G
|
| 926 |
# |
# |
|a A
|
| 927 |
# |
# |
|a BB
|
| 980 |
# |
# |
|a Thư viện Trường Đại học Đà Lạt
|